UBT Library

BECOMING A COLLEGE WRITER (Record no. 58819)

000 -LEADER
fixed length control field 00321nam a22001457a 4500
008 - FIXED-LENGTH DATA ELEMENTS--GENERAL INFORMATION
fixed length control field 221109b ||||| |||| 00| 0 eng d
020 ## - INTERNATIONAL STANDARD BOOK NUMBER
International Standard Book Number 9781319111786
041 ## - LANGUAGE CODE
Language code of text/sound track or separate title eng
080 ## - UNIVERSAL DECIMAL CLASSIFICATION NUMBER
Universal Decimal Classification number 070
082 ## - DEWEY DECIMAL CLASSIFICATION NUMBER
Classification number 070 TAY
100 ## - Rafti
Rafti 18.2
101 ## - Shkurtesa
Shkurtesa MEDIA
245 ## - TITLE STATEMENT
Title BECOMING A COLLEGE WRITER
Statement of responsibility, etc TAYLOR T
942 ## - ADDED ENTRY ELEMENTS (KOHA)
Source of classification or shelving scheme
Item type Books
Holdings
Withdrawn status Lost status Source of classification or shelving scheme Damaged status Not for loan Collection code Permanent location Current location Date acquired Total Checkouts Full call number Barcode Date last seen Price effective from Koha item type
          Koleksioni i përgjithshem UBT - Lipjan UBT - Lipjan 11/09/2022   070 TAY 002-800028700260541 11/09/2022 11/09/2022 Books
          Koleksioni i përgjithshem UBT - Lipjan UBT - Lipjan 07/07/2023   070 TAY 002-800080811 07/07/2023 07/07/2023 Books
UBT Library © 2015-2024. All rights reserved University Education for Business and Technology